000 00659nam a2200205Ia 4500
003 GCL
008 140319s9999 xx 000 0 ara d
040 _aGCL /
_cGCL
082 0 4 _a811.9
_bا ق
100 1 _aابراهيم سلامة
245 1 0 _aقصائد من خشب /
_cابراهيم سلامة
260 _aانجلترا :
_bرياض الريس للكتب والنشر ،
_c1990
300 _a160 ص ؛
_c20 سم
490 _aالسلسلة الشعرية الثانية
_v0
650 0 4 _aالشعر العربى
650 0 4 _aدواوين وقصائد
650 0 4 _aالشعر الحر
650 0 4 _aتاريخ ونقد
942 _2ddc
_cBK
999 _c56085
_d56085